| 000 | 06880cam a22018494i 4500 | ||
|---|---|---|---|
| 003 | PE-LiUPU | ||
| 005 | 20250813165728.0 | ||
| 008 | 150625s2010 ag a r 001 0 spa d | ||
| 020 | _a9789500619011 | ||
| 035 | _a(Sirsi) i9789500619011 | ||
| 040 |
_aCO-BoBLA _bspa _cCO-BoBLA _dPE-LiUPU _erda |
||
| 049 | _aPRUA | ||
| 082 | 0 | 4 |
_a617.3 _bS55 _220 |
| 100 | 1 |
_aSilberman, Fernando S., _eautor. |
|
| 245 | 1 | 0 |
_aOrtopedia y traumatología / _cFernando S. Silberman, Oscar Varaona. |
| 250 | _a3a. edición. | ||
| 264 | 1 |
_aBuenos Aires : _bEditorial Médica Panamericana, _c2010. |
|
| 300 |
_axiii, 455 páginas : _bilustraciones ; _c28 centímetros |
||
| 336 |
_atext _2rdacontent |
||
| 337 |
_aunmediated _2rdamedia |
||
| 338 |
_avolume _2rdacarrier |
||
| 504 | _aÍndice analítico : páginas 447-455. | ||
| 505 | 0 | _aDefiniciones, generalidades, conceptos básicos en ortopedia y traumatología -- Biología del tejido óseo y crecimiento óseo -- Diagnóstico por imágenes.Capítulo 4. Cirugía artroscópica -- Semiología de la columna vertebral -- Escoliosis y cifosis - Cifosis -- Torticolis congónito. Enfermedad de Sprengel -- Cervicalgias y cervicobraquialgas -- Lumbalgias y lumbociáticas -- Semiología del miembro superior -- Traumatismos obstétricos -- Malformaciones congénitas del miembro superior y de la mano -- Síndrome del túnel carpiano, de comprensión cubital a nivel del codo y del canal de Guyon y enfermedad de Dupuytren -- Lesiones tendinosas de la mano -- Lesiones nerviosas traumáticas -- Electromiografía y potenciales evocadas aplicados a la Ortopedia y la Traumatología -- Semiología de los miembros inferiores --Desigualdad de longitud de los miembros inferiores -- Artrosis de cadera -- Necrosis avascular de la cabeza femoral y semiología de la cadera en niños y adolescentes -- Luxación congénita de cadera -- Enfermedad de Perthes -- Epifisiólisis de cadera -- Cirugía de la artrosis de rodilla -- Afecciones ortopédicas del pie -- Pie equinovaro congénito -- Metatarso varo. Pie talo valgo. Astrágalo vertical -- Osteomielitis y micosis óseas -- Tuberculosis osteoarticular -- Artritis séptica -- Osteocondropatías -- Tumores óseos primarios -- Metástasis óseas -- Tumores de partes blandas -- Osteopatías. Hemofilia -- La biopsia en ortopedia -- Banco de huesos -- Artritis reumatoidea -- Nociones de neuroortopedia - Mielomeningocele -- Parálisis cerebral y poliomielitis aguda -- Responsabilidad profesional del médico (mal llamada mala praxis) en Ortopedia y Traumatología y aspectos preventivos en el accionar médico -- Generalidades de traumatología -- Fracturas expuestas y lesiones graves de los miembros. Infecciones anaerobias y gangrena gaseosa -- Síndromes compartimentales - Politraumatismos -- Heridas de guerra -- Fracturas y luxaciones de la columna vertebral -- Lesiones medulares traumáticas -- Traumatismos torácicos -- Fracturas y luxaciones del hombro -- Fracturas de la diáfisis humeral -- Lesiones traumáticas del codo -- Lesiones traumáticas del antebrazo -- Lesiones traumáticas de la muñeca -- Fracturas y luxaciones de la mano -- Fracturas en general de la pelvis -- Fracturas del acetábulo -- Fracturas del extremo superior del fémur -- Fracturas de la diáfisis femoral y lesiones osteotendinosas de la rodilla -- Lesiones ligamentarias y meniscales de la rodilla -- Fracturas de la pierna -- Fracturas del tobillo -- Lesiones traumáticas del pie -- Tipos de inmovilización -- Fijación externa - Biomateriales -- Infección de implantes -- Nociones de cirugía reparadora -- Osteosíntesis. | |
| 526 | _aP203 | ||
| 526 | _aP200 | ||
| 526 | _aSEG65 | ||
| 526 | _aSEG64 | ||
| 526 | _aSEG63 | ||
| 526 | _aSEG62 | ||
| 526 | _aSEG61 | ||
| 526 | _aSEG60 | ||
| 526 | _aSEG59 | ||
| 526 | _aSEG58 | ||
| 526 | _aSEG57 | ||
| 526 | _aSEG56 | ||
| 526 | _aSEG55 | ||
| 526 | _aSEG54 | ||
| 526 | _aSEG53 | ||
| 526 | _aSEG52 | ||
| 526 | _aSEG51 | ||
| 526 | _aSEG50 | ||
| 526 | _aSEG49 | ||
| 526 | _aSEG48 | ||
| 526 | _aSEG47 | ||
| 526 | _aSEG46 | ||
| 526 | _aSEG24 | ||
| 526 | _aSEG23 | ||
| 526 | _aSEG22 | ||
| 526 | _aSEG21 | ||
| 526 | _aSEG20 | ||
| 526 | _aSEG19 | ||
| 526 | _aSEG18 | ||
| 526 | _aSEG17 | ||
| 526 | _aSEG16 | ||
| 526 | _aSEG14 | ||
| 526 | _aSEG13 | ||
| 526 | _aSEG12 | ||
| 526 | _aSEG11 | ||
| 526 | _aSEG10 | ||
| 526 | _aSEG09 | ||
| 526 | _aSEG06 | ||
| 526 | _aSEG05 | ||
| 526 | _aSEG04 | ||
| 526 | _aSEG03 | ||
| 526 | _aSEG02 | ||
| 526 | _aSEG68 | ||
| 526 | _aSEG66 | ||
| 526 | _aSEG45 | ||
| 526 | _aSEG25 | ||
| 526 | _aSEG01 | ||
| 526 | _aP163 | ||
| 526 | _aP162 | ||
| 526 | _aP161 | ||
| 526 | _aP160 | ||
| 526 | _aP159 | ||
| 526 | _aP158 | ||
| 526 | _aP157 | ||
| 526 | _aP156 | ||
| 526 | _aP155 | ||
| 526 | _aP154 | ||
| 526 | _aP153 | ||
| 526 | _aP152 | ||
| 526 | _aP151 | ||
| 526 | _aP150 | ||
| 526 | _aP149 | ||
| 526 | _aP142 | ||
| 526 | _aP141 | ||
| 526 | _aP140 | ||
| 526 | _aP139 | ||
| 526 | _aP138 | ||
| 526 | _aP137 | ||
| 526 | _aP132 | ||
| 526 | _aP131 | ||
| 526 | _aP130 | ||
| 526 | _aP126 | ||
| 526 | _aP125 | ||
| 526 | _aP124 | ||
| 526 | _aP123 | ||
| 526 | _aP115 | ||
| 526 | _aP122 | ||
| 526 | _aP121 | ||
| 526 | _aP116 | ||
| 526 | _a P114 | ||
| 526 | _aP112 | ||
| 526 | _aP111 | ||
| 526 | _aP104 | ||
| 526 | _aP103 | ||
| 526 | _aP102 | ||
| 526 | _aP101 | ||
| 526 | _aP100 | ||
| 526 | _aP96 | ||
| 526 | _aP95 | ||
| 526 | _aP93 | ||
| 526 | _aP92 | ||
| 526 | _aP91 | ||
| 526 | _aP88 | ||
| 526 | _aP83 | ||
| 526 | _aP82 | ||
| 526 | _aP79 | ||
| 526 | _aP78 | ||
| 526 | _aP75 | ||
| 526 | _aP74 | ||
| 526 | _aP71 | ||
| 526 | _aP69 | ||
| 526 | _a P51 | ||
| 526 | _aP49 | ||
| 526 | _aP48 | ||
| 526 | _aP47 | ||
| 526 | _aP33 | ||
| 526 | _aP31 | ||
| 526 | _a P30 | ||
| 526 | _aP29 | ||
| 526 | _aP27 | ||
| 526 | _aP26 | ||
| 526 | _aP25 | ||
| 526 | _aP24 | ||
| 526 | _a P22 | ||
| 526 | _aP10 | ||
| 526 | _aP09 | ||
| 526 | _a P08 | ||
| 526 | _aP06 | ||
| 526 | _aP05 | ||
| 526 | _aP04 | ||
| 526 | _aP01 | ||
| 541 | _g001-0022659; | ||
| 650 | 4 | _aDiagnóstico por imágenes. | |
| 650 | 4 | _aMedicina de urgencias. | |
| 650 | 4 | _aOrtopedia. | |
| 650 | 4 | _aTraumatología. | |
| 700 | 1 |
_aVaraona, Oscar, _eautor. |
|
| 910 |
_aaas _bjck _caas _d20150625 |
||
| 942 |
_2ddc _cBOOK |
||
| 949 |
_a617.3 S55 _wDEWEY _c1 _i71549 _lCCODEBUL1 _mBUL _p97.88 _r0 _sY _tBOOK _u2015-6-25 _xSALUD _PP30 _0COMPRA _o.STAFF. Colección General |
||
| 994 |
_aC0 _bPEPRU |
||
| 596 | _a1 | ||
| 999 |
_a617.3 S55 _wDEWEY _c48958 _i71549 _d48958 _f2021-11-4 _g5 _lCCODEBUL1 _mBUL _p97.88 _q5 _r0 _sY _tBOOK _u2015-6-25 _xSALUD _PP30 _0COMPRA _o.STAFF. Colección General |
||
| 980 |
_81 _gALBERTO SANCHEZ Responsable de Automatización |
||